000 00709nam a2200289Ia 4500
005 20260324133127.0
008 008 260324s9999 xx 000 0 eng d
020 _a9780203322451
037 _aEBOOK
040 _aCRL
040 _beng
040 _cCRL
041 _2eng
041 _aeng
084 _qCRL
100 _aAya Takahashi
_91191902
245 4 _aThe Development of the Japanese Nursing Profession
245 0 _bAdopting and Adapting Western Influences
260 _bTaylor and Francis
260 _c2003
365 _a
365 _b290
856 _uhttp://www.taylorfrancis.com/books/9780203322451
942 _cEBOOK
999 _c1790661
_d1790661